000 00279nam a2200097Ia 4500
001 698708
005 20250826162056.0
008 250824s9999 xx 000 0 und d
245 0 _aBİR ATIN HİKAYESİ (ANTİK OKUL KLASİKLERİ)
_cMARK TWAIN
260 _bANTİK DÜNYA KLASİKLERİ
999 _c698708
_d698708